| 000 | 00655nam a22001577a 4500 | ||
|---|---|---|---|
| 003 | OSt | ||
| 005 | 20151207103740.0 | ||
| 008 | 151207b xxu||||| |||| 00| 0 eng d | ||
| 040 | _cRUA | ||
| 082 | _aFIS LA 2006 B177 Or.1 | ||
| 100 |
_94442 _aLA PISETH ; ឡា ពិសិដ្ឋ |
||
| 245 | _aការសាកល្បងចិញ្ចឹមបង្កងមេពូជនៅក្នុងអាងស៊ីម៉ង់ត៍ ដោយប្រើប្រាស់ចំណីសាច់ខ្យងបឹង និងត្រីរៀលតុប. | ||
| 260 |
_aPhnom Penh _bRUA _c2006 |
||
| 300 |
_ax; 40p. _bill. _c29cm. |
||
| 942 |
_2ddc _cFIS |
||
| 999 |
_c4142 _d4142 |
||